000
00224nam a2200085Ia 4500
008
170620s9999 xx 000 0 und d
100
_a
James- Anice
245
0
_a
Methods of Teaching Mathematics
260
_b
New Delhi- Neelkamal Pvt. Ltd.
260
_c
2010
999
_c
25371
_d
25371